<?xml version="1.0" encoding="UTF-8"?>
<collection xmlns="http://www.loc.gov/MARC21/slim">
<record>
  <controlfield tag="001">4705</controlfield>
  <controlfield tag="005">20200129221354.0</controlfield>
  <datafield tag="037" ind1=" " ind2=" ">
    <subfield code="a">CTALK-2020-0081</subfield>
  </datafield>
  <datafield tag="100" ind1=" " ind2=" ">
    <subfield code="a">De Cat, P.</subfield>
  </datafield>
  <datafield tag="245" ind1=" " ind2=" ">
    <subfield code="a">The LAMOST-Kepler project: past, present and future</subfield>
  </datafield>
  <datafield tag="260" ind1=" " ind2=" ">
    <subfield code="c">2019</subfield>
  </datafield>
  <datafield tag="269" ind1=" " ind2=" ">
    <subfield code="c">2019-10-14</subfield>
  </datafield>
  <datafield tag="520" ind1=" " ind2=" ">
    <subfield code="a">The Large Sky Area Multi-Object Fibre Spectroscopic Telescope (LAMOST) is a unique instrument located at the Xinglong observatory (China) that combines a large aperture (4-m telescope) with a wide field of view (a circular region with a diameter of 5 degrees on the sky) that is covered with 4000 optical fibres. It is the ideal tool to obtain low/medium-resolution spectra (R~1800/7500) for a large number of objects in an efficient way. The LAMOST-Kepler project was initiated in 2009 with the main aim to gather LAMOST spectra for as many objects as possible in the field-of-view of the Kepler space mission to allow a homogeneous spectroscopic determination of the basic stellar parameters of the observed stars. In this review talk, the past, present and future activities within the LAMOST-Kepler consortium will be discussed in which the importance of the LAMOST-Kepler observations will be highlighted. What could be the role of the observations obtained within the LAMOST-Kepler project in the future?</subfield>
  </datafield>
  <datafield tag="594" ind1=" " ind2=" ">
    <subfield code="a">NO</subfield>
  </datafield>
  <datafield tag="700" ind1=" " ind2=" ">
    <subfield code="a">LAMOST-Kepler, consortium</subfield>
  </datafield>
  <datafield tag="773" ind1=" " ind2=" ">
    <subfield code="t">The Milky Way 2019: LAMOST and other leading surveys, Yichang, China</subfield>
  </datafield>
  <datafield tag="856" ind1="0" ind2=" ">
    <subfield code="f">peter.decat@observatoire.be</subfield>
  </datafield>
  <datafield tag="856" ind1="4" ind2=" ">
    <subfield code="s">21090001</subfield>
    <subfield code="u">http://publi2-as.oma.be/record/4705/files/19yichang_Talk_PeterDeCat.pdf</subfield>
  </datafield>
  <datafield tag="856" ind1="4" ind2=" ">
    <subfield code="s">10110</subfield>
    <subfield code="u">http://publi2-as.oma.be/record/4705/files/19yichang_Talk_PeterDeCat.gif?subformat=icon</subfield>
    <subfield code="x">icon</subfield>
  </datafield>
  <datafield tag="856" ind1="4" ind2=" ">
    <subfield code="s">11498</subfield>
    <subfield code="u">http://publi2-as.oma.be/record/4705/files/19yichang_Talk_PeterDeCat.jpg?subformat=icon-180</subfield>
    <subfield code="x">icon-180</subfield>
  </datafield>
  <datafield tag="906" ind1=" " ind2=" ">
    <subfield code="a">Invited</subfield>
  </datafield>
  <datafield tag="980" ind1=" " ind2=" ">
    <subfield code="a">CTALKINVI</subfield>
  </datafield>
</record>
</collection>